000
00250nam a22001097a 4500
082
_a
920/VER
100
_a
Verma,Dr.B.P.
_9
81599
245
_a
Jayprakash Narayan
260
_a
Delhi
_b
Aadhar Book Company
_c
2019
650
_a
Biography
942
_c
BK
999
_c
65740
_d
65740